000 00479nam a2200169Ia 4500
003 GCL
008 140319s9999 xx 000 0 ara d
040 _aGCL /
_cGCL
082 0 4 _a659.1
_bص د
100 1 _aصفوت العالم
245 1 0 _aدراسات فى الاعلان /
_cصفوت العالم
300 _a156 ص ؛
_c24 سم
650 0 4 _aالاعلان
650 0 4 _aالاعلان بالصحف
650 0 4 _aالحملات الاعلانية
942 _2ddc
_cBK
999 _c52034
_d52034